Normal view
MARC view
- LUCAS, JOSEPH G, HODGKISS, WILLIAM S, DEFATTA, DAVID J
Entry Personal Name
001 - CONTROL NUMBER
- control field: 66442
003 - CONTROL NUMBER IDENTIFIER
- control field: NUST
005 - DATE AND TIME OF LATEST TRANSACTION
- control field: 20210628203607.0
008 - FIXED-LENGTH DATA ELEMENTS
- fixed length control field: 210628|| aca||aabn | a|a d
040 ## - CATALOGING SOURCE
- Original cataloging agency: NUST
- Transcribing agency: NUST
100 ## - HEADING--PERSONAL NAME
- Personal name: LUCAS, JOSEPH G, HODGKISS, WILLIAM S, DEFATTA, DAVID J
670 ## - SOURCE DATA FOUND
- Source citation: Work cat.: (NUST): LUCAS, JOSEPH G, HODGKISS, WILLIAM S, DEFATTA, DAVID J, DIGITAL SIGNAL PROCESSING, A SYSTEM DESIGN APPROACH, 1988
